FOOD SECURITY TREND ANALYSIS REPORT:CAMBODIA SOCIO-ECONOMIC SUGVEYS 2004 AND 2009,របាយការណ៍ស្តីអំពីការវិភាគនិន្នាការសន្តិសុខស្បៀង : ផ្អែកលើអង្កេតសេដ្ឋកិច្ច-សង្គមកិច្ចកម្ពុជា ២០០៤ និង ២០០៩ (Record no. 22035)
[ view plain ]
| 000 -LEADER | |
|---|---|
| fixed length control field | 00609nam a22001097a 4500 |
| 040 ## - CATALOGING SOURCE | |
| Transcribing agency | RUA |
| 082 ## - DEWEY DECIMAL CLASSIFICATION NUMBER | |
| Classification number | FAO MDG 2009 C332 Or. |
| 245 ## - TITLE STATEMENT | |
| Title | FOOD SECURITY TREND ANALYSIS REPORT:CAMBODIA SOCIO-ECONOMIC SUGVEYS 2004 AND 2009,របាយការណ៍ស្តីអំពីការវិភាគនិន្នាការសន្តិសុខស្បៀង : ផ្អែកលើអង្កេតសេដ្ឋកិច្ច-សង្គមកិច្ចកម្ពុជា ២០០៤ និង ២០០៩ |
| 260 ## - PUBLICATION, DISTRIBUTION, ETC. (IMPRINT) | |
| Place of publication | phnom penh |
| Name of publisher | rua |
| Year of publication | 2009 |
| 300 ## - PHYSICAL DESCRIPTION | |
| Number of Pages | viii.21p. |
| Other physical details | ill. |
| Dimensions | 29cm. |
| 942 ## - ADDED ENTRY ELEMENTS (KOHA) | |
| Koha item type | ឯកសារយោង |
| 952 ## - LOCATION AND ITEM INFORMATION (KOHA) | |
| Withdrawn status [LOCAL, KOHA] | 0 |
| Permanent Location | Date acquired | Koha item type | Lost status | Shelving location | Barcode | Current Location | Full call number |
|---|---|---|---|---|---|---|---|
| Library Block C | 2023-10-19 | ឯកសារយោង | C332 | a73074 | Library Block C | FAO MDG 2009 C332 Or. |